000 01542nam a2200385 c 4500
999 _c11121
_d11121
003 BLK
005 20230707164701.0
008 180412b bul|||||r ||||||| ||bul||
010 _aKNG00012645000
020 _a954-527-054-3
040 _aBLK
041 _aBUL
_cBUL
080 _aАнглийска литература
_b821.111
_x-93-31
_z821.111-93-31
100 1 _aГрейъм, Кенет
_eпърви автор
_gГреъм, Кенет
_9256173
139 _aГреъм, Кенет
_bГ 80
245 1 0 _aШумът на върбите
_bРоман за деца
_cКенет Грейъм; Кенет Греъм; прев. от англ. Христина Василева Атанасова.
250 _a2. изд.
257 _aGBR
260 _bДамян Яков
_c1996
300 _a208 с.
_bс ил.
_c22 см
380 _aDX
500 _aОриг. загл. The Wind in the Willows / Kenneth Grahame. - 1. изд. 1981 на изд. Отечество в библ. Вълшебници. - 3 000 тир.
653 _aромани
653 _aлитература за деца
653 _aдетска литература
700 1 _aГреъм, Кенет
_9256174
700 1 _aАтанасова, Христина Василева
_eпрев. от англ.
_9256175
852 _aЦб 188567
856 4 _qpdf
_u
_i0.00
_ldisable
942 _cKNG
_n0
_04
_s1
944 _aCR
_c15.01.2003
_kЛюдмила_Стоянова
944 _aED
_c04.10.2013
999 _d11121
999 _d11121